The Strokes Lyrics - The Adults Are Talking - Statistics

General Stats
  • This quiz has been taken 488 times
  • The average score is 263 of 348
Answer Stats
Lyrics % Correct
You
100%
you
100%
you,
100%
I
99%
the
98%
The
98%
a
97%
do
97%
me
97%
of
97%
then
97%
when
97%
Don't
96%
don't
96%
don't,
96%
her
96%
think
96%
know
94%
never
94%
'cause
93%
go
93%
it
93%
return
93%
and
92%
And
92%
there
92%
your
92%
you'll
91%
to
90%
To
90%
So
89%
make
88%
sense
87%
But
86%
but
86%
Say
86%
you're
86%
right
84%
They
83%
thing,
83%
thing
83%
tryin'
83%
hard
81%
No
81%
sayin'
81%
all
79%
want
79%
We
79%
we
79%
as
78%
As
78%
are
77%
been
77%
ever
77%
same
77%
Same
77%
trying
77%
how
75%
complain
74%
was
73%
wrong
73%
could
72%
sophisticated
72%
They've
72%
after
70%
I'm
70%
something
70%
not,
69%
not
69%
said
69%
did
68%
dreaming
67%
up
67%
for
66%
get
66%
great
66%
it's
66%
without
65%
anything
64%
now
64%
wall
64%
words
64%
Because
62%
climbin'
62%
Climbin'
62%
confused
62%
recompense
62%
were
62%
attention
61%
way
61%
fault
60%
saying
60%
can't
58%
can't)
58%
if
58%
us,
58%
us
58%
anyone
57%
will
57%
They're
56%
help
55%
complaining',
54%
problem
54%
crucify
53%
more
53%
shame
53%
askin',
52%
here
52%
Here
52%
or
52%
questions,
51%
blame
50%
excuses
50%
Oh,
50%
overeducated
50%
everywhere
47%
tonight
47%
maybe
46%
Maybe
46%
waitin'
46%
elevator
42%
on,
41%
Ah,
40%
ah
40%
-ah
40%
Ah
40%
-ah,
40%
different
40%
sometime
40%
s***,
39%
information's
38%
I'll
34%
life
34%
Stockholders
33%
ooh,
28%
ooh
28%
back
27%
one,
26%
Yeah
26%
two,
24%
three
23%
old
21%
let's
19%
tempo,
19%
key,
17%
friends
16%
boy,
15%
everything
15%
situation
14%
kooky
13%
that's
13%
(Hold
8%
No matching quizzes found
Score Distribution
Percent of People with Each Score
Percentile by Number Answered
Your Score History
You have not taken this quiz